Medallero de los Juegos Olímpicos - Surf - Estadísticas

Estadísticas generales
  • Esta prueba ha sido intentada 26 veces
  • La puntuación promedio es 4 de 5
Estadísticas de respuestas
Total Oro Plata Bronce País % Correcto
0 0 0 1 Australia
100%
1 1 0 0 Estados Unidos
91%
1 1 0 0 Brasil
82%
2 0 1 1 Japón
59%
1 0 1 0 Sudáfrica
23%
No se encontraron pruebas coincidentes
Distribución de puntuación
Porcentaje de gente con cada puntuación
Porcentaje por número respondido
Historial de tus puntuaciones
No has intentado esta prueba.